|
|
|
|
| LEADER |
02133nam a2200529 a 4500 |
| 001 |
nkc20051627879 |
| 003 |
CZ PrNK |
| 005 |
20100407103828.0 |
| 007 |
ta |
| 008 |
051020s2004 xr a f 000 0 cze |
| 015 |
|
|
|a cnb001627879
|
| 020 |
|
|
|q (Brož.)
|
| 035 |
|
|
|a (OCoLC)85163919
|
| 040 |
|
|
|a BOA001
|b cze
|d ABA001
|
| 043 |
|
|
|a e-xr---
|b e-xr-pl
|2 czenas
|
| 072 |
|
7 |
|a 71
|x Územní plánování. Urbanismus. Památková péče
|2 Konspekt
|9 21
|
| 080 |
|
|
|a 711.523
|2 MRF
|
| 080 |
|
|
|a 72:904
|2 MRF
|
| 080 |
|
|
|a 7.025.3/.4
|2 MRF
|
| 080 |
|
|
|a (437.317)
|2 MRF
|
| 080 |
|
|
|a (072)
|2 MRF
|
| 100 |
1 |
|
|a Foud, Karel,
|d 1966-
|7 xx0004606
|4 aut
|4 pht
|
| 245 |
1 |
0 |
|a Tvorba a ochrana prostředí historických jader měst a obcí /
|c [text a foto Karel Foud]
|
| 246 |
1 |
4 |
|a Tvorba a ochrana prostředí
|
| 260 |
|
|
|a Plzeň :
|b Plzeňský kraj,
|c 2004
|
| 300 |
|
|
|a 99 s. :
|b il. ;
|c 21 cm
|
| 500 |
|
|
|a Na rubu tit. s. vročení 2005
|
| 504 |
|
|
|a Obsahuje bibliografii
|
| 550 |
|
|
|a Vydavatel: Odbor kultury a památkové péče Krajského úřadu Plzeňského kraje
|
| 650 |
0 |
7 |
|a městská historická centra
|7 ph137096
|z Česko
|2 czenas
|
| 650 |
0 |
7 |
|a architektonické památky
|7 ph118585
|z Česko
|2 czenas
|
| 650 |
0 |
7 |
|a ochrana památek
|7 ph135825
|z Česko
|2 czenas
|
| 650 |
0 |
7 |
|a obnova a rekonstrukce památek
|7 ph168233
|z Česko
|2 czenas
|
| 650 |
0 |
9 |
|a historical town centers
|z Czechia
|2 eczenas
|
| 650 |
0 |
9 |
|a architectural monuments
|z Czechia
|2 eczenas
|
| 650 |
0 |
9 |
|a protection of monuments
|z Czechia
|2 eczenas
|
| 650 |
0 |
9 |
|a renewal and reconstruction of monuments
|2 eczenas
|
| 651 |
|
7 |
|a Plzeňský kraj (Česko : 2000-)
|7 ge135835
|2 czenas
|
| 651 |
|
9 |
|a Plzeň Region (Czechia)
|2 eczenas
|
| 655 |
|
7 |
|a metodické příručky
|7 fd132826
|2 czenas
|
| 655 |
|
9 |
|a methodological manuals
|2 eczenas
|
| 710 |
1 |
|
|a Plzeňský kraj (Česko : 2000-).
|b Krajský úřad.
|b Odbor kultury, památkové péče a cestovního ruchu
|7 pna2004259407
|
| 910 |
2 |
|
|a BOA001
|b 2-1159.074
|
| 990 |
|
|
|a BK
|
| 995 |
|
|
|a 01
|
| 991 |
|
|
|b 200511
|c NOV
|
| 996 |
6 |
|
|b 2610261614
|c 2-1159.074
|l MZK
|r Sklad / do 1 hodiny
|n 6
|p p.v.
|w 000793941
|u 000010
|a 1
|e BOA001
|j MZK50
|s P
|